000 00533nam a22001937a 4500
003 OSt
005 20160711153416.0
008 160711b xxu||||| |||| 00| 0 eng d
020 _a9780435452957
040 _c040a
082 _aWA 100
_bH34a 2005
245 _aHealth and social care /
_cAngela Fisher...{etal}
260 _aOxford
_bHeinemann publishers
_c2005
300 _av, 372p;
_bcol.ill :
_c30 cm.
504 _aIncludes index
650 _aSocial care
_913
700 _aFisher, Angela...{etal}
_910100
942 _2z
_cO_SHELF
999 _c4695
_d4695